| 000 | 00779nam a2200205 a 4500 | ||
|---|---|---|---|
| 005 | 20230525063540.0 | ||
| 008 | 991125s1975 mx 000 0 spa u | ||
| 035 | _aUPN01000007875 | ||
| 049 | _aLTG | ||
| 050 | 4 |
_aLB1585 M6.1 _b1975 LM |
|
| 245 | 0 | 0 |
_aCiencias naturales : _bprimer grado : libro del maestro _blibro del maestro / _cLázaro Blanco... [et al.] |
| 260 |
_aMéxico : _bSEP, Comisión Nacional de los Libros de Texto Gratuitos, _c1975. |
||
| 300 |
_a102, [9] p. : _bil. col. |
||
| 500 | _aLibro de texto gratuito | ||
| 500 | _a"Datos 1975-1976" | ||
| 650 | 4 |
_aCiencias naturales _xEstudio y enseñanza (Elemental) _92812 |
|
| 700 | 1 |
_aBlanco, Lázaro, _ecoaut. _931632 |
|
| 710 | 2 |
_aComisión Nacional de los Libros de Texto Gratuitos (México) _928140 |
|
| 905 | _aLibro | ||
| 999 |
_c7875 _d7875 |
||